000 00415nam a2200121Ia 4500
008 220615s9999||||xx |||||||||||||| ||und||
100 _aMithas Ahmad Dar||Imran Ahmad Dar
245 0 _aEarth and Environmental Sciences
546 _aEnglish[eng]
650 _aLife Sciences||Earth Science||Geology||Environmental Sciences
856 _uhttps://www.intechopen.com/books/earth-and-environmental-sciences
942 _cEB
999 _c11673
_d11673